| 000 | 00495nam a22001697a 4500 | ||
|---|---|---|---|
| 999 |
_c525532 _d525532 |
||
| 003 | NUST | ||
| 038 | _awaseem | ||
| 082 |
_a891.4396 _bHAL |
||
| 100 |
_aHilal Ahmed Zubari _916430 |
||
| 245 |
_aPayeray Betay Payeri Beti / _cHilal Ahmed Zubari |
||
| 260 |
_aLahore : _bSeikh Ghulam Ali and Sons, _c[S.L] |
||
| 300 | _a372 p. ; | ||
| 500 | _aHardcover. | ||
| 880 |
_6100-02\r _aہلال احمد زبیری |
||
| 880 |
_6245-02\r _aپیارے بیٹے ، پیاری بیٹی / |
||
| 942 |
_2ddc _cBK |
||